Reajuste de la deuda externa (Registro nro. 4443)

Detalles MARC
000 -LEADER
campo de control de longitud fija 01254nam a2200205Ia 4500
008 - DATOS DE LONGITUD FIJA--INFORMACIÓN GENERAL
campo de control de longitud fija 220107t1937||||xx |||||||||||||| ||und||
040 ## - FUENTE DE CATALOGACIÓN
Centro catalogador/agencia de origen BoOrUTOFe
Lengua de catalogación Es
Centro/agencia transcriptor UTO
044 ## - CÓDIGO DEL PAÍS DE LA ENTIDAD EDITORA/PRODUCTORA
Código MARC del país DO
082 ## - NÚMERO DE LA CLASIFICACIÓN DECIMAL DEWEY
Número de clasificación eco 336.3
Número de ítem F83
100 ## - ENTRADA PRINCIPAL--NOMBRE DE PERSONA
Nombre de persona Trujillo, Rafael
245 #0 - MENCIÓN DEL TÍTULO
Título Reajuste de la deuda externa
246 ## - FORMA VARIANTE DEL TITULO
Título propio/Titulo breve Readjustment of debt
260 ## - PUBLICACIÓN, DISTRIBUCIÓN, ETC.
Lugar de publicación, distribución, etc. Republica Dominicana:
Nombre del editor, distribuidor, etc. Diario,
Fecha de publicación, distribución, etc. 1937
300 ## - DESCRIPCIÓN FÍSICA
Extensión 329p.
Otras características físicas .
Dimensiones 24cm
500 ## - NOTA GENERAL
Nota general Incluye índice
505 ## - NOTA DE CONTENIDO CON FORMATO
Nota de contenido con formato Negociaciones que culminaron en la presentación de bonos extranjeros, datos historicos acerca de la republica Dominicana, descripción e historia de los bonos, condicones que culminaron en la emergencia, resumen de la ley de emergnecia, medidas extraordinarias, condicones que motivarón, la promulgación de la ley de emergencia de 1993 descenso violento en el balance del comercio internacional, los efectos perjudiciales del balance desfavorable del comercio internacional, fines precisos para los cuales las sumas adicionales, consideraciones generales que rigen las relaciones entre deudoresy acreedores durante el periodo de depresión, obligaciones y derchos de la republica dominicana, conlusión
650 ## - PUNTO DE ACCESO ADICIONAL DE MATERIA--TÉRMINO DE MATERIA
Término de materia o nombre geográfico como elemento de entrada Reajuste de la deuda Externa
655 ## - TERMINO DE INDIZACIÓN--GENERO/FORMA
Datos o término principal de género/forma Libros de Texto
942 ## - ELEMENTOS DE ENTRADA SECUNDARIOS (KOHA)
Tipo de ítem Koha Libros
-- FCEFA20
999 ## - NÚMEROS DE CONTROL DE SISTEMA (KOHA)
-- 1
Existencias
Estatus retirado Estado de pérdida Fuente del sistema de clasificación o colocación Estado de daño No para préstamo Biblioteca de origen Biblioteca actual Ubicación en estantería Fecha de adquisición Número de inventario Signatura topográfica completa Código de barras Visto por última vez Copia número Precio de reemplazo Tipo de ítem Koha
No dañado Disponible Clasificación Decimal Dewey No Dañado Disponible Biblioteca Central Biblioteca Central Fondo General 08/01/2022 1776 eco 336.3/F83 1776 15/02/2024 Ej. 1 08/01/2022 Libros

Biblioteca Central
Dirección: Calle Cochabamba entre 6 de Octubre y Potosí s/n
Teléfono: (591-2)5281707 - 2-52-38450
Contacto: biblioteca.central@gmail.com